Agasajo al ministro portugués de obras públicas
Publicado:
San Jorge, núm. 73 (1r trimestre 1969), pàg 69 - 70 :
Materias:
Silva Sanches, Rui Alves da
MARC
| LEADER | 00000nam a2200000Ia 4500 | ||
|---|---|---|---|
| 001 | |||
| 008 | 160829s9999 xx 000 0 cat d | ||
| 245 | |a Agasajo al ministro portugués de obras públicas | ||
| 260 | |a San Jorge, núm. 73 (1r trimestre 1969), pàg 69 - 70 | ||
| 650 | |a Silva Sanches, Rui Alves da |9 40254 | ||
| 901 | |a Arxiu | ||
| 942 | |n 1 | ||
| 952 | |0 0 |1 0 |4 0 |7 1 |9 49533 |a Arxiu |b Arxiu |d 2016-12-01 |l 0 |r 2016-12-01 00:00:00 |w 2016-12-01 |y ARXIU | ||
| 999 | |c 53375 |d 53375 | ||